000
00342nam a2200169Ia 4500
100
_a
Cordeiro/C.M
650
_a
Sensor
942
_c
BK
366
_f
25
654
_a
sensor
245
_a
Ad Hoc and sensor network
260
_b
World Scientific
_c
2006
082
_a
4.6
_b
COR
300
_a
641
546
_a
ENGLISH
_c
TTL
999
_c
26780
_d
26780